Our southern highlanders : a narrative of adventure in the southern Appalachians and a study of life among the mountaineers /

Bibliographic Details
Main Author: Kephart, Horace, 1862-1931
Format: Book
Language:English
Published: Knoxville : University of Tennessee Press, [1976]
Subjects:

MARC

Tag First Indicator Second Indicator Subfields
LEADER 00000pam a2200000 i 4500
001 in00000358313
005 20151011071713.0
008 760527s1976 tnuaf b 00010 eng
010 |a  76018903  
020 |a 0870491970 
035 |a (OCoLC)02820808 
035 |9 ABP0381AM 
040 |a DLC  |c DLC  |d TXA  |d UtOrBLW 
043 |a n-usa-- 
049 |a TXAM  |c [1417924] 
050 0 0 |a F217.A65  |b K46 1976 
082 0 |a 975 
100 1 |a Kephart, Horace,  |d 1862-1931. 
245 1 0 |a Our southern highlanders :  |b a narrative of adventure in the southern Appalachians and a study of life among the mountaineers /  |c by Horace Kephart ; with an introduction by George Ellison. 
264 1 |a Knoxville :  |b University of Tennessee Press,  |c [1976] 
264 4 |c ©1976 
300 |a xlviii, 469 pages, 34 unnumbered leaves of plates :  |b illustrations ;  |c 22 cm. 
336 |a text  |b txt  |2 rdacontent 
337 |a unmediated  |b n  |2 rdamedia 
338 |a volume  |b nc  |2 rdacarrier 
504 |a Includes bibliographical references. 
650 0 |a Appalachians (People)  |x Social life and customs. 
651 0 |a Appalachian Region, Southern  |x Social life and customs. 
999 |a MARS 
999 f f |s 1b6bfbe0-cbe5-35ff-b480-3bcbc710ff12  |i 31e03f08-1bf8-347c-a2ed-71e895223fa6  |t 0 
952 f f |p normal  |a Texas A&M University  |b College Station  |c Sterling C. Evans Library  |d Evans: Library Stacks  |t 0  |e F217.A65 K46 1976  |h Library of Congress classification  |i unmediated -- volume  |m A14802279610 
998 f f |a F217.A65 K46 1976  |t 0  |l Evans: Library Stacks